000 00206 a2200097 4500
001 28779
100 _aNewman, J R
245 _aWhat is science?
260 _a
_bSimon & Schuster
_c
090 _c19224
_d19224
942 _aNUST-CAE
_cM
_c10252
999 _c263852
_d263852